000 00581nam a22002177a 4500
003 UA-OsUOA
001 96009
007 ta
008 20130313b un ||||| |||| 00| 0 ukr d
090 _a821.411.21
_bЛ12
942 _cBK
040 _aUA-OsUOA
_brus
_cUA-OsUOA
_dUA-OsUOA
245 _aЛабиринты ночи
_bповесты и рассказы
300 _a192 с.
955 _a3
041 _arus
080 _a821.411.21
260 _aМ.
_bРадуга
_c1983
650 7 _a82 Література. Літературознавство
_2UDC
999 _c382257
_d382257